|
|
|
|
| LEADER |
00000nam0a2200000 4500 |
| 001 |
39923 |
| 005 |
20231031011903.0 |
| 035 |
|
|
|a (RuTPU)RU\TPU\book\40801
|
| 090 |
|
|
|a 39923
|
| 100 |
|
|
|a 20020415e1991 m y0rusy50 ca
|
| 101 |
0 |
|
|a rus
|
| 102 |
|
|
|a RU
|
| 105 |
|
|
|a y z 000zy
|
| 200 |
1 |
|
|a Наука о дыхании индийских йогов
|f Й. Рамачарака
|
| 205 |
|
|
|a Репр. изд.
|
| 210 |
|
|
|a Москва
|c Манускрипт
|d 1991
|
| 215 |
|
|
|a 96 с.
|d 19,5 см.
|
| 300 |
|
|
|a Вых. дан. ориг.: С.-Петербург, 1913.
|
| 330 |
|
|
|a Книга известного популяризатора учения индийских йогов в простой и доступной форме рассказывает об основных взглядах последних на природу человека и методах физического и духовного развития посредством дыхательных упражнений, разработанных в рамках так называемой «науки о дыхании», являющейся составной частью учения йогов. Рассчитана на широкий круг читателей.
|
| 610 |
1 |
|
|a философия
|
| 610 |
1 |
|
|a дыхание
|
| 610 |
1 |
|
|a йога
|
| 610 |
1 |
|
|a дыхательная гимнастика
|
| 686 |
|
|
|a Ч611.68
|v LBC/SL-A
|2 rubbk
|
| 686 |
|
|
|a Ю3(5Ид)
|v LBC/SL-A
|2 rubbk
|
| 700 |
|
1 |
|a Рамачарака
|b Й.
|g Йог
|
| 801 |
|
1 |
|a RU
|b 63413507
|c 20020415
|g PSBO
|
| 801 |
|
2 |
|a RU
|b 63413507
|c 20181225
|g PSBO
|
| 942 |
|
|
|c BK
|